| 000 | 00698nam a2200205Ia 4500 | ||
|---|---|---|---|
| 003 | GCL | ||
| 008 | 140319s9999 xx 000 0 ara d | ||
| 020 | _a8819369953 | ||
| 040 |
_aGCL / _cGCL |
||
| 082 | 0 | 4 |
_a928.1 _bم م |
| 100 | 1 | _aمحمود السمرة | |
| 245 | 1 | 0 |
_aمحمد مندور ( 1907 - 1965 ) شيخ النقاد فى الادب الحديث / _cمحمود السمرة |
| 250 | _aالاولى | ||
| 260 |
_aبيروت : _bالمؤسسة العربية للدراسات والنشر ، _c2006 |
||
| 300 |
_a149 ص ؛ _c22 سم |
||
| 650 | 0 | 4 | _aالرجال - تراجم |
| 650 | 0 | 4 | _aمحمد مندور |
| 650 | 0 | 4 | _aالادباء العرب - تراجم |
| 942 |
_2ddc _cBK |
||
| 999 |
_c9410 _d9410 |
||